IGAAP 2012 : A Guide to IFRS Reporting, Volume A Part 2. (Record no. 3533)

MARC details
005 - DATE AND TIME OF LATEST TRANSACTION
control field 20250609140601.0
020 ## - INTERNATIONAL STANDARD BOOK NUMBER
International Standard Book Number 978 0 7545 4272 8
082 ## - DEWEY DECIMAL CLASSIFICATION NUMBER
Classification number REF 657.3 BAR
100 ## - MAIN ENTRY--PERSONAL NAME
Author name BARDEN, P.
245 ## - TITLE STATEMENT
Title IGAAP 2012 : A Guide to IFRS Reporting, Volume A Part 2.
250 ## - EDITION STATEMENT
Edition statement 5th Ed
260 ## - PUBLICATION, DISTRIBUTION, ETC.
Place of publication, distribution, etc. London,
Name of publisher, distributor, etc. LexisNexis,
Date of publication, distribution, etc. 2011.
300 ## - PHYSICAL DESCRIPTION
Extent vi, 2719p.: ill.;
Other physical details Index
Dimensions 24cm.
700 ## - ADDED ENTRY--PERSONAL NAME
Other authors/Editors HALL, N. [et ..all]
856 ## - ELECTRONIC LOCATION AND ACCESS
Link text Access Online Book
Electronic name IFRS Reporting
Path www.lexisnexis.co.uk/deloitte
942 ## - ADDED ENTRY ELEMENTS (KOHA)
Source of classification or shelving scheme Dewey Decimal Classification
Koha item type Books
Holdings
Date last seen Total checkouts Full call number Barcode Cost, replacement price Price effective from Koha item type Lost status Source of classification or shelving scheme Damaged status Not for loan Withdrawn status Home library Current library Shelving location Date acquired Cost, normal purchase price
06/09/2025   REF 657.3 BAR 00000011748 480000.00 06/09/2025 Books   Dewey Decimal Classification       College of Business Education Main Library College of Business Education Main Library Reference Collection 09/27/2013 160000.00